| 000 | 00707nam a22001697a 4500 | ||
|---|---|---|---|
| 999 |
_c9706 _d9706 |
||
| 008 | 180714b ||||| |||| 00| 0 eng d | ||
| 082 |
_22018 _aUT 0909 _bD12 |
||
| 100 |
_928815 _aDaganan, Jose Venani G. |
||
| 245 |
_aFinancial management practice and the level og profit in micro and small enterprises in Digos City/ _cJose Venani G. Daganan, Crislyn T. Gonzales and Ivy Grace S. Sarael. |
||
| 260 |
_aDigos City: _bUMDC _cApril 2018. |
||
| 300 |
_a123 pages; _b29 cm. |
||
| 650 | 0 |
_928818 _aBusiness Administration _vFinancial Management _xUndergraduate thesis. |
|
| 700 |
_928819 _aDaganan, Jose Venani G. |
||
| 700 |
_928820 _aGonzales, Crislyn T. |
||
| 700 |
_928822 _aSarael, Ivy Grace S. |
||
| 942 |
_2ddc _cUT |
||